000 00755nam a2200265Ia 4500
003 OSt
005 20220918184603.0
006 a|||||r|||| 00| 0
007 ta
008 220917b |||||||| |||| 00| 0 eng d
024 _a47,207
037 _cTextual
040 _aARTS
_cARTS
_beng
041 _2eng
_aeng
082 _aP, K65 (PD)-;5-;6 (PD)
100 _aChomsky Noam
_914318
245 0 _aCurrent issues in linguistic theory
260 _aHague
_bMouton
_c1966
300 _a119p.
_ccm.
490 _aJanua linguarum : Series minor ed by Cornelis H Van Schooneveld; 38
500 _aBib 114-119p
650 _aLINGUISTICS
942 _hP, K65 (PD)-;5-;6 (PD)
_cTEXL
_2CC
999 _c177076
_d177076